000
00297nam a22001457a 4500
020
_a
81-8423-137-7
082
_a
910
_b
SAN/D
100
_a
SANKARAPPILLA, K.G
245
_a
DHOORATTH
260
_a
THRISSUR
_b
GREEN BOOKS
_c
2009
300
_a
95
520
_a
NOVEL
650
_a
NOVEL
942
_c
BK
999
_c
5239
_d
5239